000 00687cam a2200241ua 4500
001 5345
005 20260515113852.0
008 141127n ii |||gr||||Z||||||asm
020 _a81-7339-099-1
040 _cMAIN
041 _aasm
082 _a370.54
100 _aSarma, Tarun Kumar,
_eAuthor.
245 _aBharatat siksha bikashar itihas aru samashyawali
_cby Tarun Kumar Sarma
250 _a5th rev. & enl. publication.
260 _aDibrugarh:
_bBanalata,
_c2008.
300 _a469p.
653 _aEducation
653 _aHistory of Indian education
653 _aBharatat siksha bikashar itihas aru samashyawali
653 _aProblems of Indian education
942 _cBK
999 _c4522
_d4522